000 00706nam a2200241Ia 4500
003 OSt
005 20220925172154.0
006 a|||||r|||| 00| 0
007 ta
008 220923b |||||||| |||| 00| 0 eng d
037 _cGeneral Book
040 _aRTL
_cRTL
_beng
041 _2eng
_aeng
082 _aU8.2ME.N6, K1
100 _aGyan Singh Brigadier
_9240749
245 0 _aLure of Everest
_b Story of the first Indian expedi
260 _aBombay
_bCommercial Printing Press India
_c1961
300 _a212p.
_ccm.
500 _aAppendix p. 188-201
650 _aTravels
_9238248
942 _hU8.2ME.N6, K1
_cGB
_2CC
999 _c484365
_d484365